MAHI-THE ELEPHANT WHO FLEW OVER THE BLUE MOUNTAIN (Record no. 8574)
[ view plain ]
| 000 -LEADER | |
|---|---|
| fixed length control field | 00643nam a22001457a 4500 |
| 082 ## - DEWEY DECIMAL CLASSIFICATION NUMBER | |
| Classification number | 823 |
| Item number | NEE/M |
| 100 ## - MAIN ENTRY--AUTHOR NAME | |
| Personal name | NEELAKANDAN,ANAND |
| 245 ## - TITLE STATEMENT | |
| Title | MAHI-THE ELEPHANT WHO FLEW OVER THE BLUE MOUNTAIN |
| 246 ## - VARYING FORM OF TITLE | |
| Title proper/short title | MAHI-THE ELEPHANT WHO FLEW OVER THE BLUE MOUNTAIN |
| Remainder of title | MAHI-THE ELEPHANT WHO FLEW OVER THE BLUE MOUNTAIN |
| 260 ## - PUBLICATION, DISTRIBUTION, ETC. (IMPRINT) | |
| Place of publication | U K |
| Name of publisher | HARPER COLLINS |
| Year of publication | 2023 |
| 300 ## - PHYSICAL DESCRIPTION | |
| Number of Pages | 215 |
| 520 ## - SUMMARY, ETC. | |
| Summary, etc | When Mahi, a young elephant, decides to fulfil his dream of flying over the blue mountains, little does he know that he's setting in motion a chain of events that will endanger him, his mother and the whole of Anastan. |
| 650 ## - SUBJECT ADDED ENTRY--TOPICAL TERM | |
| Topical Term | ENGLISH STORY |
| 942 ## - ADDED ENTRY ELEMENTS (KOHA) | |
| Koha item type | Books |
| Withdrawn status | Lost status | Collection code | Home library | Current library | Shelving location | Date acquired | Source of acquisition | Cost, normal purchase price | Full call number | Accession Number | Koha item type |
|---|---|---|---|---|---|---|---|---|---|---|---|
| Fiction | Main Library | Main Library | NEW SHELF WITH NEW ENTRY | 07/03/2024 | PURCHASED | 399.00 | 823 NEE/M | 13546 | Books |